Central Library OPAC University of Rajshahi

Social anthropology / (Record no. 18899)

MARC details
000 -LEADER
fixed length control field 00849nam a2200289 a 4500
001 - CONTROL NUMBER
control field 18899
003 - CONTROL NUMBER IDENTIFIER
rucl marc code BD-RjUL
005 - DATE AND TIME OF LATEST TRANSACTION
control field 20211209000343.0
008 - FIXED-LENGTH DATA ELEMENTS--GENERAL INFORMATION
fixed length control field 140222r19691966enka b 001 0 eng
035 ## - SYSTEM CONTROL NUMBER
System control number (BD-RjUL)18957
040 ## - CATALOGING SOURCE
Original cataloging agency 0007
Language of cataloging eng
Transcribing agency 0007
Modifying agency BD-RjUL
041 ## - LANGUAGE CODE
Language code of text/sound track or separate title eng
082 04 - DEWEY DECIMAL CLASSIFICATION NUMBER
Classification number 306
Edition number 23
Author mark and year LIS 1969
100 1# - MAIN ENTRY--PERSONAL NAME
Personal name Lienhardt, Godfrey.
9 (RLIN) 58285
245 10 - TITLE STATEMENT
Title Social anthropology /
Statement of responsibility, etc. Godfrey Lienhardt.
250 ## - EDITION STATEMENT
Edition statement 2nd ed.
260 ## - PUBLICATION, DISTRIBUTION, ETC. (IMPRINT)
Place of publication, distribution, etc. London ;
-- New York :
Name of publisher, distributor, etc. Oxford University Press,
Date of publication, distribution, etc. c1966 [Reprinted 1969].
300 ## - PHYSICAL DESCRIPTION
Pagination x, 177 p. :
Illustrations ill. ;
Size 20 cm.
490 0# - SERIES STATEMENT
Series statement Oxford paperbacks university series, opus 15
504 ## - BIBLIOGRAPHY, ETC. NOTE
Bibliography, etc Bibliography: p. [164]-169.
Bibliography, etc Includes index.
650 #0 - SUBJECT ADDED ENTRY--TOPICAL TERM
Topical term or geographic name as entry element Sociology.
9 (RLIN) 58286
Topical term or geographic name as entry element Anthropology.
9 (RLIN) 58287
942 ## - ADDED ENTRY ELEMENTS (KOHA)
Source of classification or shelving scheme Dewey Decimal Classification
Koha item type Books
Holdings
Lost status Source of classification or shelving scheme Damaged status Not for loan Collection code Permanent Location Current Location Shelving location Date acquired Source of acquisition Total Checkouts Full call number Date last seen Copy number Koha item type
  Dewey Decimal Classification   Not For Loan Non-fiction Central Library, University of Rajshahi Central Library, University of Rajshahi Reading Room 26/08/1975 W. U. S.   306 LIS 1969 22/02/2014 C-1 Books
  Dewey Decimal Classification     Non-fiction Central Library, University of Rajshahi Central Library, University of Rajshahi   11/02/2010     306 LIS 1969 15/12/2018 C-2 Books